| 000 | 01438pam a2200337 a 4500 | ||
|---|---|---|---|
| 001 | 1668687 | ||
| 003 | ARRUPE | ||
| 005 | 20140111020019.0 | ||
| 008 | 980327s1998 ilu b 001 0 eng | ||
| 010 | _a 98003984 | ||
| 020 | _a0810113600 (cloth : alk. paper) | ||
| 020 | _a0810113619 (pbk. : alk. paper) | ||
| 040 |
_aDLC _cDLC _dDLC |
||
| 041 | 1 |
_aeng _hfre |
|
| 050 | 0 | 0 |
_aB3279.H96 _bL395 1998 |
| 100 | 1 |
_aLévinas, Emmanuel. _9716 |
|
| 245 | 1 | 0 |
_aDiscovering existence with Husserl / _cEmmanuel Lévinas ; [translated and edited by Richard A. Cohen and Michael B. Smith]. |
| 260 |
_aEvanston, Ill. : _bNorthwestern University Press, _c1998. |
||
| 300 |
_axxii, 198 p. ; _c24 cm. |
||
| 490 | 1 | _aNorthwestern University studies in phenomenology and existential philosophy | |
| 500 | _aThese essays were first published in French in various journals and books. | ||
| 504 | _aIncludes bibliographical references (p. 181-196) and index. | ||
| 600 | 1 | 0 |
_aHusserl, Edmund, _d1859-1938. _9717 |
| 650 | 0 |
_aPhenomenology. _9718 |
|
| 700 | 1 |
_aCohen, Richard A., _d1950- _9719 |
|
| 700 | 1 |
_aSmith, Michael B. _q(Michael Bradley), _d1940- _9720 |
|
| 830 | 0 |
_aNorthwestern University studies in phenomenology & existential philosophy. _9721 |
|
| 906 |
_a7 _bcbc _corignew _d1 _eocip _f19 _gy-gencatlg |
||
| 942 |
_2lcc _cMONOGRAPH _01 |
||
| 999 |
_c117915 _d117915 |
||